[Event "Tournoi Skype 012B"]
[Site "Skype"]
[Date "????.??.??"]
[Round "2.14"]
[White "Hargez, Dany"]
[Black "Armingaud, Jean-Claude"]
[Result "1-0"]
[WhiteElo "1472"]
[BlackElo "1189"]
[PlyCount "87"]

1. e4 e5 2. Bc4 a6 3. Nf3 Nc6 4. Bd5 Nf6 5. c4 h6 6. O-O Bc5 7. d3 d6 8. Bxc6+
bxc6 9. Nc3 Bg4 10. Be3 Bb6 11. b4 O-O 12. c5 dxc5 13. bxc5 Ba5 14. Rc1 Qd7 15.
d4 Bxc3 16. Rxc3 Nxe4 17. Rd3 Qe6 18. Re1 Qxa2 19. Re2 Qe6 20. Bd2 Ng5 21. Bxg5
Qg6 22. Nxe5 Qxg5 23. Rg3 f5 24. h3 Qf4 25. hxg4 fxg4 26. Nxg4 h5 27. Ne5 h4
28. Qb3+ Kh7 29. Rf3 Qxd4 30. Qc2+ Kg8 31. Rxf8+ Kxf8 32. Ng6+ Kg8 33. Re5 Qg4
34. Qb3+ Kh7 35. Ne7 a5 36. Qc2+ Kh8 37. Ng6+ Kh7 38. Nxh4+ g6 39. Re7+ Kh6 40.
Nf3 a4 41. Qb2 a3 42. Qg7+ Kh5 43. Re5+ g5 44. Qh7# 1-0

[Event "Tournoi Skype 012B"]
[Site "Skype"]
[Date "????.??.??"]
[Round "2.15"]
[White "Baker, Abi"]
[Black "Gerbaux, Regis"]
[Result "0-1"]
[WhiteElo "1129"]
[BlackElo "1435"]
[PlyCount "64"]

1. c4 c5 2. Nc3 Nf6 3. d3 Nc6 4. e4 e5 5. Nge2 Ng4 6. Nd5 Nb4 7. a3 Nxd5 8.
exd5 Qf6 9. f3 Nh6 10. b4 a6 11. Bb2 d6 12. Nc3 Bf5 13. Qa4+ Bd7 14. b5 Qd8 15.
g3 Be7 16. h4 Nf5 17. Rg1 axb5 18. Qb3 Nd4 19. Nxb5 Nxb3 20. Nxd6+ Bxd6 21. Ra2
Qa5+ 22. Kf2 Qd2+ 23. Be2 Nd4 24. Re1 Ra4 25. g4 O-O 26. h5 Be7 27. Bxd4 Bh4+
28. Kg2 Qxa2 29. Rh1 Qxe2+ 30. Kh3 Qxf3+ 31. Kxh4 Qxh1+ 32. Kg5 f6# 0-1

[Event "Tournoi Skype 012B"]
[Site "Skype"]
[Date "????.??.??"]
[Round "2.16"]
[White "Pedneault, Anne-Frederique"]
[Black "Ryan, Lea"]
[Result "0-1"]
[WhiteElo "1102"]
[BlackElo "1430"]
[PlyCount "54"]

1. c4 e5 2. g3 Nc6 3. Nf3 Bc5 4. e3 Nf6 5. Nc3 d6 6. Bg2 O-O 7. d4 exd4 8. exd4
Bb4 9. a3 Bxc3+ 10. bxc3 Re8+ 11. Be3 Ng4 12. O-O Nxe3 13. fxe3 Rxe3 14. Re1
Qe8 15. d5 Rxe1+ 16. Nxe1 Ne5 17. Qd4 Bf5 18. g4 Bxg4 19. Qf4 Qd7 20. h3 Bh5
21. Rb1 b6 22. Nf3 Bxf3 23. Bxf3 Qxh3 24. Bg4 Nxg4 25. Rf1 Rf8 26. Rf3 Qh5 27.
Qh2 Qxh2+ 0-1

[Event "Tournoi Skype 012B"]
[Site "Skype"]
[Date "????.??.??"]
[Round "2.17"]
[White "Paquay, Renaud"]
[Black "Farthouat, Titoine"]
[Result "0-1"]
[WhiteElo "1399"]
[BlackElo "1164"]
[PlyCount "80"]

1. c4 e6 2. d4 Bb4+ 3. Bd2 Nc6 4. Nf3 d5 5. Bxb4 Nxb4 6. Qa4+ Nc6 7. cxd5 exd5
8. Nc3 Nge7 9. e3 Bd7 10. Bd3 Ne5 11. Qd1 Nxd3+ 12. Qxd3 c6 13. O-O Ng6 14.
Rfe1 O-O 15. g3 Qf6 16. e4 Bg4 17. Re3 Rfe8 18. Rae1 dxe4 19. Nxe4 Qf5 20. Nfg5
h6 21. Nf6+ gxf6 22. Rxe8+ Rxe8 23. Rxe8+ Nf8 24. Qxf5 Bxf5 25. Nf3 Bg4 26. Nd2
Be6 27. a3 b6 28. Ne4 Bd5 29. Nxf6+ Kg7 30. Nxd5 cxd5 31. h4 Ne6 32. f4 Nxd4
33. Kg2 Nf5 34. Re5 Kf6 35. Rxd5 Ne3+ 36. Kf3 Nxd5 37. Kg4 Ne3+ 38. Kh5 Kg7 39.
g4 Ng2 40. f5 Nf4# 0-1

[Event "Tournoi Skype 012B"]
[Site "Skype"]
[Date "????.??.??"]
[Round "2.18"]
[White "Coruble, Didier"]
[Black "Rival, Jocelyn"]
[Result "1-0"]
[WhiteElo "1378"]
[BlackElo "1114"]
[PlyCount "89"]

1. Nf3 Nf6 2. b3 d6 3. Bb2 e5 4. d3 Nc6 5. e4 Bg4 6. Nbd2 Be7 7. c3 O-O 8. Qc2
Qd7 9. O-O-O Bxf3 10. gxf3 d5 11. h4 Nd8 12. Bh3 Ne6 13. Bf5 g6 14. Bh3 c6 15.
Nf1 Qd6 16. Kb1 Nf4 17. Bg4 Nxg4 18. fxg4 dxe4 19. dxe4 Qe6 20. f3 Rfd8 21. Rc1
Nd3 22. Rd1 Nxb2 23. Kxb2 Rd7 24. Rxd7 Qxd7 25. Nd2 Rd8 26. Kc1 Qd6 27. b4 c5
28. bxc5 Qxc5 29. Qb2 b6 30. Nb3 Qe3+ 31. Nd2 Qd3 32. Rd1 Bg5 33. hxg5 Qe2 34.
a4 a6 35. Qxb6 Qd3 36. Qb2 Kg7 37. c4 h5 38. gxh6+ Kf8 39. h7 Kg7 40. h8=Q+
Kxh8 41. Qxe5+ Kg8 42. c5 Qa3+ 43. Qb2 Qxa4 44. Rh1 Qc6 45. Rh8# 1-0

[Event "Tournoi Skype 012B"]
[Site "Skype"]
[Date "????.??.??"]
[Round "2.19"]
[White "Porcabeuf, Jean-Marc"]
[Black "Coude, Josue"]
[Result "1-0"]
[WhiteElo "1324"]
[BlackElo "1097"]
[PlyCount "43"]

1. d4 d5 2. c4 e6 3. Nf3 Nf6 4. a3 Bd6 5. Nc3 Nc6 6. Bg5 h6 7. Bh4 Qd7 8. e3
O-O 9. Bxf6 gxf6 10. cxd5 Kh8 11. Bd3 Rg8 12. Nh4 b6 13. Qh5 Bf8 14. Ne4 Qe7
15. Nxf6 Qxf6 16. dxc6 a5 17. Nf3 Rxg2 18. Rf1 a4 19. Ne5 Rg5 20. Nxf7+ Kg7 21.
Nxg5 hxg5 22. Qh7# 1-0

[Event "Tournoi Skype 012B"]
[Site "Skype"]
[Date "????.??.??"]
[Round "2.20"]
[White "Lemoine, Gerard"]
[Black "Vervoort, Jean-Louis"]
[Result "0-1"]
[WhiteElo "1040"]
[BlackElo "1306"]
[PlyCount "82"]

1. d4 d5 2. Nf3 Nf6 3. e3 Bg4 4. Bd3 e6 5. O-O Bb4 6. Nbd2 O-O 7. b3 Nc6 8. Bb2
Qd6 9. a3 Bxd2 10. Qxd2 Bxf3 11. gxf3 Rfe8 12. Qe2 Re7 13. f4 Rae8 14. h4 g6
15. f3 h5 16. Qg2 Kh8 17. Qg5 Nh7 18. Qh6 Rg8 19. c4 Ree8 20. Rae1 Rg7 21. e4
Reg8 22. Kf2 Qe7 23. exd5 Qxh4+ 24. Ke3 exd5 25. cxd5 Nd8 26. Rg1 Qf6 27. Kd2
Qxf4+ 28. Kc2 Qxh6 29. Bc1 g5 30. f4 gxf4 31. Rxg7 Qxg7 32. Bxf4 Qg2+ 33. Kc3
Qf2 34. Re2 Qxf4 35. Re4 Qc1+ 36. Bc2 Rg3+ 37. Kb4 Qxc2 38. Re8+ Kg7 39. Rxd8
Rxb3+ 40. Ka4 Qc4+ 41. Ka5 Rb5# 0-1

[Event "Tournoi Skype 012B"]
[Site "Skype"]
[Date "????.??.??"]
[Round "2.21"]
[White "Alverson, Ginny"]
[Black "Gagnon, Sindy"]
[Result "1-0"]
[WhiteElo "1244"]
[BlackElo "1003"]
[PlyCount "65"]

1. Nf3 Nf6 2. d4 d6 3. c4 e6 4. Nc3 Be7 5. Qc2 O-O 6. e3 b6 7. Bd3 Bb7 8. O-O
c5 9. d5 Qd7 10. e4 e5 11. Bg5 Bc8 12. h3 Na6 13. Bxf6 Bxf6 14. Qd2 h6 15. a3
Qd8 16. Be2 Be7 17. Nb5 f6 18. Nh4 g5 19. Ng6 Re8 20. Bh5 Nb8 21. Qc3 Bf8 22.
Qg3 Na6 23. Bg4 Be6 24. Bxe6+ Kg7 25. Bf5 Nc7 26. Nxc7 Qxc7 27. f4 exf4 28.
Nxf4 a6 29. Nh5+ Kf7 30. Be6+ Ke7 31. Qf3 Qb7 32. Qf5 b5 33. Qxf6# 1-0

[Event "Tournoi Skype 012B"]
[Site "Skype"]
[Date "????.??.??"]
[Round "2.22"]
[White "Farthouat, Catherine"]
[Black "Ouellet, Emile"]
[Result "0-1"]
[WhiteElo "1000"]
[BlackElo "1271"]
[PlyCount "54"]

1. e4 e5 2. Nf3 d6 3. Nc3 c6 4. Bc4 Be7 5. O-O h6 6. d4 Nd7 7. b3 Ngf6 8. d5 b5
9. Be2 Bb7 10. Bb2 Nb6 11. Nh4 b4 12. Na4 Nxa4 13. bxa4 Nxe4 14. Nf5 Bf6 15. f3
Nc5 16. Qd2 b3 17. axb3 Qb6 18. f4 Nxb3+ 19. Kh1 Nxd2 20. Nxd6+ Kd7 21. Nxf7
Qxb2 22. Bg4+ Kc7 23. d6+ Kb6 24. d7 exf4 25. Rxf4 Qxa1+ 26. Bd1 Qxd1+ 27. Rf1
Qxf1# 0-1

[Event "Tournoi Skype 012B"]
[Site "Skype"]
[Date "????.??.??"]
[Round "2.23"]
[White "Martin, Elise"]
[Black "Marty, Yvette"]
[Result "1-0"]
[WhiteElo "1222"]
[BlackElo "1000"]
[PlyCount "21"]

1. d4 Nf6 2. c4 c6 3. Nc3 e6 4. Qc2 d5 5. e3 Nbd7 6. Nf3 Bb4 7. Bd3 Nb6 8. O-O
O-O 9. Ng5 dxc4 10. Bxh7+ Nxh7 11. Qxh7# 1-0

[Event "Tournoi Skype 012B"]
[Site "Skype"]
[Date "????.??.??"]
[Round "2.24"]
[White "Sauvaget, Joel"]
[Black "Talbot, Jean"]
[Result "1-0"]
[WhiteElo "1213"]
[BlackElo "1000"]
[PlyCount "39"]

1. e4 e5 2. Nf3 Nc6 3. d3 Bc5 4. c4 d6 5. Nc3 Nge7 6. Be2 O-O 7. O-O h6 8. Na4
Nd4 9. Nxc5 Nxf3+ 10. Bxf3 dxc5 11. Bh5 Rb8 12. Be3 b6 13. Qe2 Be6 14. Rad1 a5
15. f4 f6 16. f5 Bc8 17. Qg4 g6 18. Bxg6 Qd7 19. Bxh6 Rd8 20. Bh7+ 1-0

[Event "Tournoi Skype 012B"]
[Site "Skype"]
[Date "????.??.??"]
[Round "3.1"]
[White "Ramirez Reina, Orlando"]
[Black "Prasad Singh, Ambika"]
[Result "0-1"]
[WhiteElo "1469"]
[BlackElo "1376"]
[PlyCount "74"]

1. d4 Nf6 2. c4 e6 3. Nf3 b6 4. Bg5 Bb7 5. Nc3 Bb4 6. Qc2 d6 7. e3 Nbd7 8. Be2
c5 9. dxc5 Nxc5 10. O-O Bxc3 11. Qxc3 Nce4 12. Qc2 Nxg5 13. Nxg5 h6 14. Nf3 Ne4
15. Rfd1 O-O 16. Qd3 d5 17. cxd5 Bxd5 18. a3 a6 19. Rdc1 Nc5 20. Qc3 Nb3 21.
Qc7 Nxa1 22. Qxd8 Rfxd8 23. Rxa1 b5 24. b4 Rac8 25. Bd3 Bxf3 26. gxf3 Rxd3 27.
Kg2 Rcc3 28. f4 Rxa3 29. Rxa3 Rxa3 30. Kf3 Rb3 31. h4 Rxb4 32. e4 a5 33. f5 a4
34. fxe6 fxe6 35. Kf4 a3 36. Ke5 a2 37. Kxe6 Rxe4+ 0-1

[Event "Tournoi Skype 012B"]
[Site "Skype"]
[Date "????.??.??"]
[Round "3.2"]
[White "Rugman, Dan"]
[Black "Grib, Johannes"]
[Result "0-1"]
[WhiteElo "1418"]
[BlackElo "1357"]
[PlyCount "58"]

1. c4 Nf6 2. Nc3 c6 3. g3 e6 4. Bg2 a6 5. d3 h5 6. h3 Be7 7. e3 d5 8. Nge2 b5
9. b3 h4 10. a4 hxg3 11. fxg3 Qc7 12. axb5 Nh5 13. Kd2 cxb5 14. Nxb5 axb5 15.
Bb2 Rxa1 16. Qxa1 Nxg3 17. Bxg7 Rg8 18. Rf1 Nxf1+ 19. Ke1 Nxe3 20. Qe5 Bh4+ 21.
Kd2 Qxe5 22. Bxe5 Nxg2 23. Bxb8 bxc4 24. bxc4 Kd7 25. Nd4 Ne1 26. Kc3 Bf6 27.
Kd2 Bxd4 28. Kxe1 dxc4 29. dxc4 Ba6 0-1

[Event "Tournoi Skype 012B"]
[Site "Skype"]
[Date "????.??.??"]
[Round "3.3"]
[White "Tamditi, Ibrahim"]
[Black "Ali Baig, Zulfqar"]
[Result "1-0"]
[WhiteElo "1220"]
[BlackElo "1399"]
[PlyCount "113"]

1. e4 e5 2. Bc4 Nf6 3. Nc3 Nxe4 4. Nxe4 d5 5. Bb5+ c6 6. Bxc6+ Nxc6 7. Ng3 e4
8. d3 exd3 9. Qxd3 Nb4 10. Qe2+ Qe7 11. Be3 d4 12. a3 dxe3 13. axb4 exf2+ 14.
Kxf2 Qxe2+ 15. N1xe2 Bxb4 16. Ra4 Bc5+ 17. Kf3 b5 18. Re4+ Kf8 19. Re5 Bb7+ 20.
Ne4 Rc8 21. Kg3 Bxe4 22. Rxe4 Bd6+ 23. Kf3 Rxc2 24. Rd1 Bc7 25. Rd7 g6 26. b3
Kg7 27. Ree7 Bb8 28. Rxf7+ Kh6 29. h3 Rb2 30. Nd4 a5 31. Rb7 b4 32. Nc6 Rxb3+
33. Kg4 Bd6 34. Nxa5 Ra3 35. Nc4 Ra4 36. Kf3 Bc5 37. Rfc7 Bd4 38. g4 Rf8+ 39.
Ke4 Rd8 40. Rxh7+ Kg5 41. Rb5+ Kf6 42. g5+ Ke6 43. Rh6 Kf7 44. Rb7+ Ke8 45.
Rxg6 b3 46. Rxb3 Rxc4 47. Re6+ Kd7 48. Rb7+ Kxe6 49. g6 Bg7+ 50. Kf3 Rc3+ 51.
Kg4 Rd4+ 52. Kg5 Rxh3 53. Rxg7 Rg3+ 54. Kh5 Kf6 55. Rf7+ Ke6 56. g7 Kxf7 57.
g8=Q+ 1-0

[Event "Tournoi Skype 012B"]
[Site "Skype"]
[Date "????.??.??"]
[Round "3.4"]
[White "Maneval, Dustin"]
[Black "Steenkamp, Brandt"]
[Result "0-1"]
[WhiteElo "1399"]
[BlackElo "1285"]
[PlyCount "30"]

1. e4 e5 2. Nc3 Nf6 3. Bc4 Nxe4 4. Nxe4 d5 5. Bxd5 Qxd5 6. d3 Bf5 7. Qe2 Nc6 8.
c3 O-O-O 9. Bg5 f6 10. Nxf6 Qxg2 11. Qf3 Qxg5 12. Ne4 Qf4 13. Qxf4 exf4 14.
O-O-O Ne5 15. d4 Bxe4 0-1

[Event "Tournoi Skype 012B"]
[Site "Skype"]
[Date "????.??.??"]
[Round "3.5"]
[White "Roos, Johan"]
[Black "Picard, Mario"]
[Result "1/2-1/2"]
[WhiteElo "1399"]
[BlackElo "1272"]
[PlyCount "48"]

1. e4 e5 2. Nf3 d6 3. d4 Nf6 4. Nc3 Nbd7 5. Bd3 c5 6. O-O cxd4 7. Nb1 Nc5 8. c3
Nxd3 9. Qxd3 dxc3 10. Nxc3 Be7 11. Bg5 O-O 12. Bxf6 Bxf6 13. Nd5 Re8 14. Rfc1
Be6 15. Nc7 Rc8 16. Nxe8 Qxe8 17. h3 Rd8 18. Rc7 d5 19. Re1 dxe4 20. Qxe4 Bxa2
21. Nxe5 Bd5 22. Qe3 a5 23. Nd7 Be7 24. Qxe7 Qxe7 1/2-1/2

[Event "Tournoi Skype 012B"]
[Site "Skype"]
[Date "????.??.??"]
[Round "3.6"]
[White "Vello, Pablo"]
[Black "Ruiz Gomez, Luz Alba"]
[Result "1-0"]
[WhiteElo "1399"]
[BlackElo "1399"]
[PlyCount "31"]

1. e4 e5 2. Nf3 Nc6 3. d4 exd4 4. Nxd4 d6 5. Nc3 Nf6 6. Bb5 Bd7 7. Bxc6 bxc6 8.
Qe2 a6 9. e5 Ng4 10. exd6+ Qe7 11. dxe7 Bxe7 12. O-O c5 13. Re1 O-O-O 14. Bf4
cxd4 15. Qc4 c6 16. Qxa6# 1-0

[Event "Tournoi Skype 012B"]
[Site "Skype"]
[Date "????.??.??"]
[Round "3.7"]
[White "Raheja, Shiv"]
[Black "Martin, Jean-Claude"]
[Result "1-0"]
[WhiteElo "1334"]
[BlackElo "1439"]
[PlyCount "43"]

1. e4 e5 2. Nf3 Nc6 3. Bc4 Bc5 4. Nc3 Nf6 5. d3 d6 6. O-O O-O 7. Ng5 Bg4 8. Ne2
d5 9. exd5 Bxe2 10. Qxe2 Nxd5 11. Qh5 Nf6 12. Bxf7+ Rxf7 13. Qxf7+ Kh8 14. Ne6
Qg8 15. Qxg8+ Rxg8 16. Nxc5 b6 17. Ne6 Rc8 18. Bg5 Nb4 19. c3 Nxd3 20. b4 c5
21. Rad1 Rc6 22. Nd8 1-0

[Event "Tournoi Skype 012B"]
[Site "Skype"]
[Date "????.??.??"]
[Round "3.8"]
[White "Hargez, Dany"]
[Black "Milanese, Serge"]
[Result "0-1"]
[WhiteElo "1472"]
[BlackElo "1339"]
[PlyCount "50"]

1. e4 e5 2. d4 Nc6 3. d5 Nd4 4. Nf3 d6 5. Nxd4 exd4 6. Qxd4 Ne7 7. Bb5+ Bd7 8.
c4 c5 9. Qc3 a6 10. Bxd7+ Qxd7 11. O-O h6 12. Bf4 b6 13. Nd2 Ng6 14. Bg3 Be7
15. Nf3 Rg8 16. h4 Qg4 17. Rfe1 Nf4 18. Nh2 Ne2+ 19. Rxe2 Qxe2 20. f3 b5 21. b3
f5 22. Re1 Qxa2 23. exf5 Kd7 24. h5 b4 25. Ng4 bxc3 0-1

[Event "Tournoi Skype 012B"]
[Site "Skype"]
[Date "????.??.??"]
[Round "3.9"]
[White "Gerbaux, Regis"]
[Black "Porcabeuf, Jean-Marc"]
[Result "1/2-1/2"]
[WhiteElo "1435"]
[BlackElo "1324"]
[PlyCount "98"]

1. Nf3 e6 2. d4 d5 3. c4 Nf6 4. Nc3 Nbd7 5. Bg5 Be7 6. e3 O-O 7. Bd3 c6 8. O-O
h6 9. Bxf6 Nxf6 10. Qc2 b6 11. Ne5 Bb7 12. e4 dxe4 13. Bxe4 Qxd4 14. Rfe1 Qxe5
15. Bh7+ Kh8 16. Rxe5 Bd6 17. Ree1 Nxh7 18. Rad1 Bc7 19. Rd7 Rac8 20. Ne2 Nf6
21. Rd2 c5 22. Ng3 Bf4 23. Rd3 Bxg3 24. Rxg3 Rcd8 25. f3 Nh5 26. Rg4 Nf6 27.
Rh4 Rd7 28. Qc1 Kh7 29. g4 Rd4 30. Rd1 Bxf3 31. Rxd4 cxd4 32. g5 Ng4 33. Qf4
Be2 34. Qe4+ f5 35. Qxe2 e5 36. h3 g6 37. hxg4 f4 38. Qxe5 f3 39. Rxh6+ Kg8 40.
Qg7+ Kxg7 41. Kf2 d3 42. Rh1 Rf4 43. Rd1 Rxg4 44. Rxd3 Rxc4 45. Rc3 Rxc3 46.
bxc3 Kf8 47. Kxf3 Kf7 48. Ke4 Ke7 49. Ke5 Kf7 1/2-1/2

[Event "Tournoi Skype 012B"]
[Site "Skype"]
[Date "????.??.??"]
[Round "3.10"]
[White "Vervoort, Jean-Louis"]
[Black "Gharbi, Said"]
[Result "0-1"]
[WhiteElo "1306"]
[BlackElo "1395"]
[PlyCount "74"]

1. d4 Nf6 2. Bg5 Ne4 3. Bf4 d5 4. e3 e6 5. c4 Bb4+ 6. Nc3 Nxc3 7. bxc3 Bxc3+ 8.
Ke2 Bxa1 9. Qxa1 dxc4 10. Kf3 b5 11. Qb1 Bb7+ 12. Kg3 a6 13. Nf3 Nd7 14. Bd3
Nf6 15. Bc2 Bc8 16. Rd1 e5 17. Nxe5 Qd5 18. f3 Nh5+ 19. Kf2 Nxf4 20. exf4 f6
21. Ng4 Bxg4 22. fxg4 g6 23. Be4 Qd8 24. Bxa8 Qxa8 25. Re1+ Kf7 26. Qb2 Re8 27.
f5 g5 28. Rd1 Re4 29. h3 Rf4+ 30. Kg1 Qe4 31. Qc1 Qe2 32. g3 Qf2+ 33. Kh1 Qxg3
34. Rd2 Qxh3+ 35. Kg1 Qxg4+ 36. Rg2 Qxf5 37. Qd1 Qh3 0-1

[Event "Tournoi Skype 012B"]
[Site "Skype"]
[Date "????.??.??"]
[Round "3.11"]
[White "Prasad, Sanjay"]
[Black "Alverson, Ginny"]
[Result "1-0"]
[WhiteElo "1382"]
[BlackElo "1244"]
[PlyCount "61"]

1. c4 Nf6 2. e4 Nxe4 3. d3 Nf6 4. Bg5 h6 5. Bxf6 exf6 6. Nc3 Qe7+ 7. Qe2 Qxe2+
8. Bxe2 Bb4 9. a3 Bxc3+ 10. bxc3 O-O 11. Nf3 Nc6 12. Nd4 Ne5 13. Nb5 d6 14.
Nxc7 Rb8 15. O-O Bd7 16. d4 Ng4 17. Nb5 a6 18. Nxd6 f5 19. f3 Ne3 20. Rfb1 Nc2
21. Ra2 Ne3 22. Rxb7 Rxb7 23. Nxb7 Rb8 24. Rb2 f4 25. d5 Bc8 26. c5 Bxb7 27. c6
Nxd5 28. cxb7 Nxc3 29. Bxa6 Nd1 30. Rc2 Ne3 31. Rc8+ 1-0

[Event "Tournoi Skype 012B"]
[Site "Skype"]
[Date "????.??.??"]
[Round "3.12"]
[White "Ouellet, Emile"]
[Black "Coruble, Didier"]
[Result "0-1"]
[WhiteElo "1271"]
[BlackElo "1378"]
[PlyCount "58"]

1. e4 c5 2. c4 Nc6 3. Nc3 a6 4. Nf3 e6 5. b3 h6 6. Bb2 b5 7. cxb5 axb5 8. Nxb5
Ba6 9. a4 Nd4 10. Bxd4 cxd4 11. Nfxd4 Nf6 12. Bd3 Be7 13. O-O O-O 14. Rc1 Ne8
15. Re1 Qb6 16. e5 Bc5 17. Re4 Bxd4 18. Rxd4 Bxb5 19. Rxd7 Bxd7 20. Qh5 f5 21.
Rc3 Qd4 22. Qe2 Rc8 23. Bc4 Nc7 24. Rg3 Qa1+ 25. Qf1 Qxe5 26. f4 Qb2 27. d3 Nd5
28. Qf3 Nc3 29. h3 Ne2+ 0-1

[Event "Tournoi Skype 012B"]
[Site "Skype"]
[Date "????.??.??"]
[Round "3.14"]
[White "Sauvaget, Joel"]
[Black "Vincent, Andre"]
[Result "1-0"]
[WhiteElo "1213"]
[BlackElo "1360"]
[PlyCount "110"]

1. e4 c5 2. Nf3 d6 3. h3 g6 4. Bc4 Bg7 5. c3 Nc6 6. a3 Nf6 7. d3 O-O 8. O-O a6
9. Bf4 e5 10. Bg5 Qc7 11. Nbd2 b5 12. Ba2 Bb7 13. Qe2 Nd7 14. Be3 Bf6 15. Rac1
Nb6 16. c4 Nd4 17. Nxd4 exd4 18. Bf4 Rfe8 19. Rc2 Qc6 20. Rfc1 bxc4 21. Nxc4
Nxc4 22. Bxc4 Qd7 23. Bb3 Rac8 24. Qd2 Bg7 25. Bg5 Kh8 26. Qa5 Qc7 27. Qxc7
Rxc7 28. Ba4 Bc6 29. Bxc6 Rxc6 30. b4 Rec8 31. a4 f6 32. Bd2 Bf8 33. b5 axb5
34. axb5 Rb6 35. Rb1 Kg8 36. Ba5 Rb7 37. b6 Kf7 38. Rb5 Be7 39. Kf1 Bd8 40.
Rcb2 Rc6 41. Ke1 Ke6 42. Kd1 d5 43. Kc1 dxe4 44. dxe4 Ke5 45. Kd2 Kxe4 46. f3+
Kd5 47. Kd3 f5 48. R2b4 Bxb6 49. Bxb6 Rcxb6 50. Rxb6 c4+ 51. Kc2 d3+ 52. Kc3
Kc5 53. Rxb7 d2 54. Kxd2 Kd5 55. Rxc4 Kxc4 1-0

[Event "Tournoi Skype 012B"]
[Site "Skype"]
[Date "????.??.??"]
[Round "3.15"]
[White "Farthouat, Titoine"]
[Black "Gabriele, Noel"]
[Result "1-0"]
[WhiteElo "1164"]
[BlackElo "1355"]
[PlyCount "51"]

1. e4 e5 2. Nf3 d6 3. Bc4 h6 4. Nc3 c6 5. d3 Nf6 6. h3 Nbd7 7. Be3 b5 8. Bb3 b4
9. Na4 c5 10. O-O Ba6 11. c4 bxc3 12. Nxc3 Qc7 13. Ba4 Rb8 14. Bxd7+ Qxd7 15.
b3 d5 16. Nxe5 Qe6 17. Bf4 dxe4 18. Nxf7 Qxf7 19. Bxb8 Bxd3 20. Re1 Qb7 21.
Qxd3 Qxb8 22. Nxe4 Be7 23. Nd6+ Kf8 24. Nf5 Bd8 25. Qd6+ Kf7 26. Qxb8 1-0

[Event "Tournoi Skype 012B"]
[Site "Skype"]
[Date "????.??.??"]
[Round "3.16"]
[White "Yeter, Orhan"]
[Black "Lequeux, Pierre"]
[Result "0-1"]
[WhiteElo "1345"]
[BlackElo "1176"]
[PlyCount "90"]

1. e4 Nf6 2. e5 Nd5 3. d4 d6 4. Nf3 Bg4 5. Be2 h6 6. Bf4 Nxf4 7. Nc3 Nxg2+ 8.
Kd2 Nf4 9. Rg1 h5 10. d5 Nh3 11. Rg3 Nxf2 12. Qe1 Ne4+ 13. Nxe4 dxe5 14. Nxe5
Qxd5+ 15. Nd3 Qxe4 16. Re3 Qd4 17. c3 Qb6 18. Kc2 Qxe3 19. Bf1 Qg1 20. Ne5
Qxh2+ 21. Kd3 Bf5+ 22. Kd4 Qf4+ 23. Kc5 e6+ 24. Kb5 a6+ 25. Ka5 Nc6+ 26. Nxc6
bxc6 27. c4 Rb8 28. a3 Be7 29. b4 Bh4 30. Qd1 O-O 31. Qa4 Bg4 32. c5 Bf3 33.
Bxa6 Ra8 34. Rf1 g5 35. Rb1 g4 36. Qb3 g3 37. a4 g2 38. b5 cxb5 39. axb5 Rfb8
40. b6 cxb6+ 41. cxb6 Bf2 42. Kb5 g1=Q 43. Rxg1+ Bxg1 44. Qb1 Qf5+ 45. Qxf5
exf5 0-1

[Event "Tournoi Skype 012B"]
[Site "Skype"]
[Date "????.??.??"]
[Round "3.17"]
[White "Melin, Christiane"]
[Black "Capdeville, Jean"]
[Result "0-1"]
[WhiteElo "1130"]
[BlackElo "1341"]
[PlyCount "72"]

1. e4 e5 2. c3 c5 3. Nf3 d6 4. a4 Nf6 5. d3 h6 6. Na3 a6 7. Be2 Nbd7 8. O-O b6
9. Nc4 Be7 10. a5 b5 11. Ncd2 O-O 12. b3 Bb7 13. Ba3 Qxa5 14. Bxc5 Qxc3 15. Qc1
Qxc5 16. Rb1 Qxc1 17. Rbxc1 Rac8 18. Nh4 Rxc1 19. Rxc1 Rc8 20. Rxc8+ Bxc8 21.
Nf5 Bf8 22. Bg4 Nxg4 23. h3 Ngf6 24. g4 g6 25. Nxh6+ Bxh6 26. Nf3 g5 27. b4 Nb8
28. Ne1 Nc6 29. Nc2 Be6 30. Kf1 Bb3 31. Na1 Ba4 32. Ke1 Nxb4 33. Kd2 a5 34. Kc3
Bd1 35. Nb3 Bxb3 36. Kxb3 Nxd3 0-1

[Event "Tournoi Skype 012B"]
[Site "Skype"]
[Date "????.??.??"]
[Round "3.18"]
[White "Armingaud, Jean-Claude"]
[Black "Lecluyse, Koenraad"]
[Result "0-1"]
[WhiteElo "1189"]
[BlackElo "1157"]
[PlyCount "34"]

1. e4 e5 2. Nf3 Nc6 3. Bc4 h6 4. c3 Nf6 5. d3 d6 6. O-O Be7 7. Be3 O-O 8. d4
Nxe4 9. Bd5 Nf6 10. Bxc6 bxc6 11. dxe5 Nd5 12. Bd4 Bg4 13. Qc2 Bxf3 14. gxf3
Bh4 15. Qd2 Bg5 16. f4 Nxf4 17. exd6 cxd6 0-1

[Event "Tournoi Skype 012B"]
[Site "Skype"]
[Date "????.??.??"]
[Round "3.19"]
[White "Gagnon, Sindy"]
[Black "Paquay, Renaud"]
[Result "1-0"]
[WhiteElo "1003"]
[BlackElo "1399"]
[PlyCount "57"]

1. d4 d5 2. e3 Nc6 3. Nf3 Nf6 4. Bd3 Bf5 5. Bxf5 e6 6. Bd3 Be7 7. O-O O-O 8. c3
a6 9. Qc2 g6 10. Nbd2 Re8 11. Re1 Bf8 12. e4 Ne7 13. Ne5 Bg7 14. exd5 Nexd5 15.
Ndf3 Rc8 16. Ng5 Re7 17. a3 c5 18. c4 Nb6 19. dxc5 Rxc5 20. b4 Rc8 21. c5 Qd4
22. Bb2 Qh4 23. Ne4 Nbd5 24. g3 Qh3 25. Ng5 Qh5 26. Ngf3 b5 27. Be2 Ng4 28. Nd3
Qxh2+ 29. Nxh2 1-0

[Event "Tournoi Skype 012B"]
[Site "Skype"]
[Date "????.??.??"]
[Round "3.20"]
[White "Marty, Yvette"]
[Black "Baker, Abi"]
[Result "0-1"]
[WhiteElo "1000"]
[BlackElo "1129"]
[PlyCount "76"]

1. e4 e6 2. c4 c5 3. d4 Nf6 4. Nc3 b6 5. Bg5 Bb7 6. Nf3 d6 7. Be2 Be7 8. Qc2
Nc6 9. e5 Nb4 10. Qd2 Ne4 11. Nxe4 Bxe4 12. Nh4 Nc2+ 13. Kf1 Nxa1 14. Bd3 Bxg5
15. Qd1 Bxh4 16. Bxe4 Rc8 17. Qxa1 cxd4 18. Bd3 dxe5 19. g3 Bf6 20. Qc1 a6 21.
a4 Bg5 22. Qc2 g6 23. h4 Be7 24. Kg2 f5 25. Re1 g5 26. hxg5 Bxg5 27. Rxe5 Qd6
28. Re2 Rg8 29. a5 bxa5 30. Qa4+ Rc6 31. Qxa5 f4 32. g4 e5 33. Bxh7 Rf8 34.
Rxe5+ Be7 35. g5 Rxc4 36. Bd3 f3+ 37. Kf1 Rc6 38. Bg6+ Qxg6 0-1

[Event "Tournoi Skype 012B"]
[Site "Skype"]
[Date "????.??.??"]
[Round "3.21"]
[White "Rival, Jocelyn"]
[Black "Lemoine, Gerard"]
[Result "0-1"]
[WhiteElo "1114"]
[BlackElo "1040"]
[PlyCount "64"]

1. Nf3 d5 2. d4 e6 3. e3 c5 4. Bb5+ Bd7 5. Nc3 Qb6 6. O-O Bxb5 7. Nxb5 Qxb5 8.
Re1 Ne7 9. e4 Qc6 10. e5 Ng6 11. c3 f5 12. Qe2 h6 13. c4 a6 14. Nd2 cxd4 15.
Qh5 Kf7 16. Nf3 Be7 17. Nxd4 Qxc4 18. Nb3 Nd7 19. Bd2 Qc2 20. Rec1 Qd3 21. Rc3
Qe4 22. Rc7 Ndxe5 23. Rac1 Nc6 24. Rxb7 Rac8 25. Nc5 Qh4 26. Qe2 Nd4 27. Qe1
Rc6 28. Bb4 Rhc8 29. Ra7 R8c7 30. Nb7 Bxb4 31. Qxb4 Rxc1+ 32. Qe1 Rxe1# 0-1

[Event "Tournoi Skype 012B"]
[Site "Skype"]
[Date "????.??.??"]
[Round "3.22"]
[White "Talbot, Jean"]
[Black "Pedneault, Anne-Frederique"]
[Result "0-1"]
[WhiteElo "1000"]
[BlackElo "1102"]
[PlyCount "56"]

1. e4 e5 2. Nf3 Nc6 3. d4 Nf6 4. Nc3 Bb4 5. dxe5 Nxe4 6. Bd3 Nxc3 7. Bd2 Nxd1
8. Rxd1 Bxd2+ 9. Nxd2 Nxe5 10. Be4 d5 11. Bf3 Nxf3+ 12. Nxf3 Qe7+ 13. Kf1 Bg4
14. Re1 Qxe1+ 15. Nxe1 O-O-O 16. f3 Bh5 17. g4 Bg6 18. h4 Rhe8 19. h5 Bxc2 20.
Nxc2 d4 21. Kf2 d3 22. Ne3 Re5 23. f4 Rb5 24. b3 Rb4 25. Rd1 Rxf4+ 26. Kg3 Re4
27. Kf3 Re6 28. Kf4 Rd4+ 0-1

[Event "Tournoi Skype 012B"]
[Site "Skype"]
[Date "????.??.??"]
[Round "3.23"]
[White "Coude, Josue"]
[Black "Farthouat, Catherine"]
[Result "0-1"]
[WhiteElo "1097"]
[BlackElo "1000"]
[PlyCount "32"]

1. e4 e5 2. Nf3 Nc6 3. Bc4 Bc5 4. d3 Nf6 5. Bg5 Bd4 6. Nc3 O-O 7. O-O h6 8. Bh4
Bxc3 9. bxc3 Qe7 10. Qb1 Qd6 11. h3 Nh5 12. Qb3 Qg6 13. g4 d5 14. Bxd5 Bxg4 15.
Kh2 Bxf3 16. Qxb7 Qg2# 0-1

[Event "Tournoi Skype 012B"]
[Site "Skype"]
[Date "????.??.??"]
[Round "4.1"]
[White "Prasad Singh, Ambika"]
[Black "Steenkamp, Brandt"]
[Result "1-0"]
[WhiteElo "1376"]
[BlackElo "1285"]
[PlyCount "35"]

1. e4 e6 2. c4 Nc6 3. Nc3 Nf6 4. Nf3 Bc5 5. d4 Bxd4 6. Nxd4 Nxd4 7. Qxd4 O-O 8.
Be2 Re8 9. O-O e5 10. Qd1 c6 11. Be3 d5 12. cxd5 cxd5 13. Nxd5 Nxe4 14. f3 Nf6
15. Bc4 e4 16. fxe4 Nxe4 17. Qf3 f6 18. Nc7+ 1-0